000 00618nas a2200229 4500
001 BR8701591
003 BR-BrBNA
005 20231205090613.0
007 ta
008 230509b bl.|||p| |||| 00| 00por d
040 _aBR-BrBNA
_bpor
_cBiblioteca Nacional de Agricultura
041 _a(Pt)
072 _aL01
100 1 _aHughes, P.
100 1 _aKirkwood, R.
245 1 _aManejo de marras
650 _aMARRA
650 _aMANEJO
773 0 _tSuinocultura Industrial (Brazil)
_xISSN 0101-9125
_g(May 1985), v. 7(76) p. 21-25
_wBR8701591
909 _a202311
_bLúcia
_c55
_dLúcia Elande
942 _2AGRIS
_n0
_cANA
999 _c119678
_d119678